00743nam a2200169Ia 4500001001000000003000500010008004100015010001100056040000900067100003000076245018000106260003500286300001000321502010900331650008000440710005300520Para_3166CHAP220125s1987 xx 000 0 und d a201639 cCHAP aAlvarez Zamorano, Ricardo aEvaluación de fungicidas para el control del carbón parcial Neovossia indica (mit) Mundkuk en trigo, en el Valle del Yaqui, Sonora, 1985-1986 /c Ricardo Alvarez Zamorano aChapingo, Méx. :b El autor a68 h. aTesis (Ing. Agr. Esp. en Parasitología Agrícola) -- UACh. Departamento de Parasitología Agrícola aFungicidas Control biológico de hongos Trigo x Enfermedades por hongos aUACh. Departamento de Parasitología Agrícola